000
00268nam a2200109Ia 4500
001
1260300
005
20260417140329.0
008
260417s9999 xx 000 0 und d
020
_a
9786255929860
245
0
_a
Kalem Kalesi
_c
Nuri Pakdil
260
_b
Ketebe Yayınları
999
_c
1260300
_d
1260300